Manchester City FC 2020-2021 Squad - Statistics

General Stats
  • This quiz has been taken 468 times
  • The average score is 21 of 25
Answer Stats
Position Kit Number Nationality Answer % Correct
GK #31 Brazil Ederson
98%
Manager N/A Spain Pep Guardiola
97%
MID #17 Belgium Kevin De Bruyne
96%
DEF #5 England John Stones
95%
MID #20 Portugal Bernardo SIlva
94%
DEF #2 England Kyle Walker
94%
DEF #3 Portugal Ruben Dias
94%
FOR #9 Brazil Gabriel Jesus
93%
MID #8 Germany Ilkay Gundogan
93%
MID #47 England Phil Foden
93%
FOR #26 Algeria Riyad Mahrez
93%
FOR #10 Argentina Sergio Aguero
93%
MID (c) #25 Brazil Fernandinho
90%
FOR #7 England Raheem Sterling
90%
MID #16 Spain Rodrigo
90%
DEF #27 Portugal João Cancelo
89%
MID #11 Ukraine Oleksandr Zinchenko
89%
DEF #6 Netherlands Nathan Ake
88%
DEF #14 France Aymeric Laporte
87%
DEF #22 France Benjamin Mendy
86%
GK #13 United States Zack Steffen
74%
FOR #21 Spain Ferran Torres
71%
GK #33 England Scott Carson
68%
DEF #50 Spain Eric García
53%
DEF #34 Netherlands Phillippe Sandler
19%
No matching quizzes found
Score Distribution
Percent of People with Each Score
Percentile by Number Answered
Your Score History
You have not taken this quiz